| 000 | 00762cam a2200265 4500 | ||
|---|---|---|---|
| 001 | J1243 | ||
| 008 | 090401t1992 xxu||||| |||| 00| 0 eng d | ||
| 035 | _a(Sirsi) u42463 | ||
| 041 | _aeng | ||
| 050 | _a341.242 | ||
| 110 |
_aEuropean Community _9336 |
||
| 245 | _aTreaty on European Union together with the complete text of the Treaty establishing the European Community. | ||
| 260 | _c1992 | ||
| 300 | _a130p. ; 30cm. | ||
| 350 | _a0 | ||
| 520 | _aOfficial Journal of the European Communities, C224, Volume 35, 31 August 1992. | ||
| 650 | _aEUROPEAN COMMUNITY | ||
| 650 | _aEUROPEAN UNION | ||
| 650 | _aMAASTRICHT TREATY | ||
| 650 | _aPROTOCOLS | ||
| 650 | _aTREATIES | ||
| 690 | _aEUROPE-SINGLE MARKET | ||
| 942 | _n0 | ||
| 948 | _c04/03/1997 | ||
| 999 |
_c91128 _d91128 |
||